| 000 | 01031nam a22003137a 4500 | ||
|---|---|---|---|
| 003 | CHAP | ||
| 005 | 20220329134746.0 | ||
| 008 | 971013s1979 r 00010 d | ||
| 010 | _a25379 | ||
| 011 | _a26351 | ||
| 035 | _a30452 | ||
| 040 | _cCHAP | ||
| 082 |
_a551.4 _bB7 |
||
| 100 | 0 | 0 |
_aBryan, M. Leonard. _915827 |
| 245 |
_aRemote sending earth resorces _b: a guide to information sources |
||
| 260 |
_aDetroit, Mich. : _bGale, _c1979 |
||
| 300 | _a188 p. | ||
| 490 |
_aGeography and travel information guide series _v; 1 |
||
| 590 |
_aBATCH-UPD _b10 _c20130110 _lUCH01 _h0121 |
||
| 590 |
_aBATCH-UPD _b10 _c20130110 _lUCH01 _h2313 |
||
| 590 |
_aBATCH-UPD _b10 _c20130409 _lUCH01 _h2115 |
||
| 590 |
_aBATCH-UPD _b10 _c20130914 _lUCH01 _h2020 |
||
| 590 |
_aCONVERSION _b10 _c20130109 _lUCH01 _h1315 |
||
| 650 | 1 | 4 |
_aSensores remotos _xBibliografía. _9104428 |
| 830 | 0 |
_aGeography and travel information guide series _v; 1 _947600 |
|
| 901 | _aBK | ||
| 942 | _cLIBRO | ||
| 949 |
_a551.4 B7 _bBC _cC _d33724000494217 _eC _h56113 _i30452 _si |
||
| 999 |
_c25379 _d25379 |
||